Vista normal
Vista MARC
Entrada Personal Name
Número de registros utilizados en: 1
001 - CONTROL NUMBER
- control field: 65679
003 - CONTROL NUMBER IDENTIFIER
- control field: OSt
005 - DATE AND TIME OF LATEST TRANSACTION
- control field: 20251016145919.0
008 - FIXED-LENGTH DATA ELEMENTS
- fixed length control field: 251016|| aca||aabn | a|a d
040 ## - CATALOGING SOURCE
- Original cataloging agency: OSt
- Transcribing agency: OSt
100 ## - HEADING--PERSONAL NAME
- Personal name: Corradin, Clarissa,
- Dates associated with a name: 1992-
670 ## - SOURCE DATA FOUND
- Source citation: Work cat.: (OSt)59471: Fornasari, Eleonora 1985- aut 904, 10 ideas para salvar el mundo con el poder de la amabilidad /